U23-Fußballspieler mit dem höchsten Marktwert - Statistiken

Allgemein
  • Dieses Quiz wurde 2.070 mal gespielt
    632 seit der letzten Aktualisierung
  • Das Durchschnittsergebnis liegt bei 14 aus 20
Antwortstatistiken
Spieler (Nation) % Korrekt
Erling Haaland
98%
Jamal Musiala
98%
Vinicius Junior
95%
Florian Wirtz
94%
Bukayo Saka
91%
Pedri
91%
Gavi
90%
Jude Bellingham
90%
Phil Foden
89%
Rodrygo
79%
Eduardo Camavinga
73%
Aurélien Tchouaméni
64%
Dušan Vlahović
50%
Alexander Isak
49%
Khvicha Kvaratskhelia
48%
Alphonso Davies
45%
Gabriel Martinelli
45%
Enzo Fernández
40%
Joško Gvardiol
34%
Moisés Caicedo
32%
Keine übereinstimmenden Quizze gefunden
Verteilung der Resultate
Anzahl Personen mit jedem Resultat
Perzentil nach korrekt beantworteten Fragen
Ihre Resultats-Entwicklung
Sie haben dieses Quiz seit der letzten Aktualisierung nicht gespielt